000 00618nam a2200181 a 4500
008 120416s1971 ||||||||||||||||| || u
020 _a013669036X
050 _aGB 21.5.M33 Cho
100 _aChorley, Richard J
245 1 0 _aPhysical geography: a systems approach
260 _aLondon
_bFT Prentice-Hall
_c1971
300 _axxi, 370p. : ill.
350 _a0.00
650 0 _aSYSTEM ANALYSIS
650 _aGEOGRAPHY
650 _aPHYSICAL GEOGRAPHY
995 _D0.00
_FCBU-MAIN LIBRARY (Kitwe)
_H1
_I4.95
_M1
_UAVAILABLE
_ZMain Library Open Access Collection
999 _c53562
_d53562